The complete works of William Shakespeare / (Record no. 592085)
[ view plain ]
| 000 -LEADER | |
|---|---|
| fixed length control field | 01145cam a2200289 a 4500 |
| 001 - CONTROL NUMBER | |
| control field | 16541866 |
| 003 - CONTROL NUMBER IDENTIFIER | |
| control field | NUST |
| 005 - DATE AND TIME OF LATEST TRANSACTION | |
| control field | 20221028151339.0 |
| 008 - FIXED-LENGTH DATA ELEMENTS--GENERAL INFORMATION | |
| fixed length control field | 101117s2011 nju b 000 0 eng |
| 010 ## - LIBRARY OF CONGRESS CONTROL NUMBER | |
| LC control number | 2010046990 |
| 020 ## - INTERNATIONAL STANDARD BOOK NUMBER | |
| International Standard Book Number | 9781855349971 (pbk.) |
| 040 ## - CATALOGING SOURCE | |
| Original cataloging agency | DLC |
| Transcribing agency | DLC |
| Modifying agency | DLC |
| 042 ## - AUTHENTICATION CODE | |
| Authentication code | pcc |
| 050 00 - LIBRARY OF CONGRESS CALL NUMBER | |
| Classification number | PR2879 |
| Item number | .L66 2011 |
| 082 00 - DEWEY DECIMAL CLASSIFICATION NUMBER | |
| Classification number | 822.33 |
| Author Mark | SHA |
| 245 14 - TITLE STATEMENT | |
| Title | The complete works of William Shakespeare / |
| Statement of responsibility, etc. | Adam Long, Daniel Singer, and Jess Winfield. |
| 260 ## - PUBLICATION, DISTRIBUTION, ETC. | |
| Place of publication, distribution, etc. | Montclair, NJ : |
| Name of publisher, distributor, etc. | Applause Theatre and Cinema Books, |
| Date of publication, distribution, etc. | 2010. |
| 300 ## - PHYSICAL DESCRIPTION | |
| Extent | 751 p. ; |
| Dimensions | 24cm. |
| 500 ## - GENERAL NOTE | |
| General note | Revised ed. of The Reduced Shakespeare Company's the complete works of William Shakespeare (abridged) / by Jess Borgeson, Adam Long, and Daniel Singer, c1994. |
| 504 ## - BIBLIOGRAPHY, ETC. NOTE | |
| Bibliography, etc. note | Includes bibliographical references (p. [vii]-viii). |
| 600 10 - SUBJECT ADDED ENTRY--PERSONAL NAME | |
| Personal name | Shakespeare, William, |
| Dates associated with a name | 1564-1616 |
| Form subdivision | Adaptations. |
| 9 (RLIN) | 101670 |
| 700 1# - ADDED ENTRY--PERSONAL NAME | |
| Personal name | Singer, Daniel. |
| 9 (RLIN) | 101671 |
| 700 1# - ADDED ENTRY--PERSONAL NAME | |
| Personal name | Winfield, Jess. |
| 9 (RLIN) | 101672 |
| 906 ## - LOCAL DATA ELEMENT F, LDF (RLIN) | |
| a | 7 |
| b | cbc |
| c | orignew |
| d | 1 |
| e | ecip |
| f | 20 |
| g | y-gencatlg |
| 942 ## - ADDED ENTRY ELEMENTS (KOHA) | |
| Source of classification or shelving scheme | |
| Koha item type | Book |
| Withdrawn status | Lost status | Source of classification or shelving scheme | Damaged status | Not for loan | Permanent Location | Current Location | Shelving location | Date acquired | Total Checkouts | Total Renewals | Full call number | Barcode | Date last seen | Date last checked out | Price effective from | Koha item type |
|---|---|---|---|---|---|---|---|---|---|---|---|---|---|---|---|---|
| Central Library (CL) | Central Library (CL) | Fiction | 10/28/2022 | 1 | 3 | 822.33 SHA | CL3490 | 05/27/2025 | 02/14/2023 | 10/28/2022 | Book |
